000 00744nam a2200217 a 4500
003 0
005 20250303141922.0
008 120723s19uu xx 00 eng d
050 _aPGS SB 106.5.G76
_b.L477 2012
100 _aLee, Su Jin.
245 _aThe growth of mongo (Vigna radiata) on different media /
_cSu Jin Lee.
260 _aLas PiƱas City, Philippines :
_bSouthville International School and Colleges,
_c2012.
300 _a16 pages :
_billustrations ;
_c28 cm.
504 _aIncludes bibliographical references.
650 _aVigna radiata
_vGrowth.
650 _aPlant growth media.
650 _aLegumes
_vGrowth.
650 _aSoil
_vEffect on plant growth.
650 _aCotton
_vAgricultural use.
942 _2lcc
_cPASS
999 _c98794
_d98794